Program report for 1991

Kaydedildi:
Detaylı Bibliyografya
Yazar: IRRI
Materyal Türü: Kitap
Dil:Undetermined
Baskı/Yayın Bilgisi: Manila IRRI 1992
Konular:
Etiketler: Etiketle
Etiket eklenmemiş, İlk siz ekleyin!
Thư viện lưu trữ: Trung tâm Học liệu Trường Đại học Cần Thơ
LEADER 00463nam a2200181Ia 4500
001 CTU_34426
008 210402s9999 xx 000 0 und d
082 |a 630.72 
082 |b P962/1992 
100 |a IRRI 
245 0 |a Program report for 1991 
245 0 |c IRRI 
260 |a Manila 
260 |b IRRI 
260 |c 1992 
650 |a rice - research 
904 |i Nguyễn Quang Điền, 991208 
980 |a Trung tâm Học liệu Trường Đại học Cần Thơ